Goethe: Historia de un hombre

Uloženo v:
Podrobná bibliografie
Hlavní autor: Ludwig, Emil
Médium: Kniha
Jazyk:Undetermined
Vydáno: Buenos Aires, Argentina Juventud Argentina 1961
Vydání:3
Témata:
Tagy: Přidat tag
Žádné tagy, Buďte první, kdo vytvoří štítek k tomuto záznamu!

MARC

LEADER 00000nam a2200000Ia 4500
008 170316s9999 xx 000 0 und d
040 |a cru BVZT 
090 |a 830 L-3g 
100 |a Ludwig, Emil 
245 |a Goethe: Historia de un hombre 
250 |a 3 
260 |a Buenos Aires, Argentina 
260 |b Juventud Argentina 
260 |c 1961 
300 |a 557 páginas 
650 |a LITERATURA ALEMANA 
999 |c 7389  |d 7389 
942 |c 15 D  |h 830 L-3g  |2 z